<?xml version="1.0" encoding="UTF-8"?>
<marc:record xmlns:marc="http://www.loc.gov/MARC21/slim">
   <marc:leader>00000nam a2200000 a 4500</marc:leader>
   <marc:datafield ind1="1" ind2=" " tag="100">
      <marc:subfield code="a">Kaut, Ellis</marc:subfield>
      <marc:subfield code="4">aut</marc:subfield>
      <marc:subfield code="e">Verfasser/-in</marc:subfield>
   </marc:datafield>
   <marc:datafield ind1="1" ind2=" " tag="100">
      <marc:subfield code="a">Bayrhammer, Gustl</marc:subfield>
   </marc:datafield>
   <marc:datafield ind1="1" ind2=" " tag="100">
      <marc:subfield code="a">Clarin, Hans</marc:subfield>
   </marc:datafield>
   <marc:datafield ind1=" " ind2=" " tag="653">
      <marc:subfield code="a">Kobold</marc:subfield>
   </marc:datafield>
   <marc:datafield ind1=" " ind2=" " tag="653">
      <marc:subfield code="a">Putzen</marc:subfield>
   </marc:datafield>
   <marc:datafield ind1=" " ind2=" " tag="653">
      <marc:subfield code="a">Katze</marc:subfield>
   </marc:datafield>
   <marc:datafield ind1="0" ind2="0" tag="245">
      <marc:subfield code="a">Pumuckl und der Schmutz ; Pumuckl und die Katze [Tonträger]</marc:subfield>
   </marc:datafield>
   <marc:datafield ind1="0" ind2="0" tag="245">
      <marc:subfield code="c">von Ellis Kaut. Sprecher: Hans Clarin, Gustl Bayrhammer</marc:subfield>
   </marc:datafield>
   <marc:datafield ind1=" " ind2="1" tag="264">
      <marc:subfield code="a">Berlin</marc:subfield>
      <marc:subfield code="b">Universal Music</marc:subfield>
      <marc:subfield code="c">1998</marc:subfield>
   </marc:datafield>
   <marc:datafield ind1="1" ind2=" " tag="520">
      <marc:subfield code="a">Pumuckl und der Schmutz: "Ach wie ist das Putzen putzig, wenn die Putzfrau völlig schmutzig!" Die Putzfrau macht sauber und Pumuckl wirft immer wieder Schutz hin. Denn den mag er am liebsten. Aber das gibt Ärger mit Meister Eder. Nachdem er alles unter Wasser gesetzt hat, muss der Pumuckl sogar baden! Pumuckl und die Katze: Ein Kobold kann auch fürchterlich eifersüchtig sein. Als Meister Eder sich rührend um eine kleine Katze kümmert, schimpft Pumuckl ohne Ende. Verzweifelt überlegt er, wie sie die Katze loswerden. Aber dann schwört er, dass aus ihm ein kleiner Engel wird.</marc:subfield>
   </marc:datafield>
   <marc:datafield ind1=" " ind2=" " tag="020">
      <marc:subfield code="a">9783897655980</marc:subfield>
      <marc:subfield code="9">9783897655980</marc:subfield>
   </marc:datafield>
   <marc:datafield ind1=" " ind2=" " tag="020">
      <marc:subfield code="a">ISBN 9783897655980 ? 7,99</marc:subfield>
      <marc:subfield code="9">ISBN 9783897655980 ? 7,99</marc:subfield>
   </marc:datafield>
   <marc:datafield ind1=" " ind2=" " tag="041">
      <marc:subfield code="a">ger</marc:subfield>
   </marc:datafield>
   <marc:datafield ind1="0" ind2=" " tag="490">
      <marc:subfield code="v">0</marc:subfield>
   </marc:datafield>
   <marc:datafield ind1=" " ind2=" " tag="300">
      <marc:subfield code="a">51' : 1 CD</marc:subfield>
   </marc:datafield>
</marc:record>
